Esa luz: guión cinematográfico
Saved in:
| Hovedforfatter: | |
|---|---|
| Format: | Bog |
| Sprog: | spansk |
| Udgivet: |
Huesca
Instituto de Estudios Altoaragones
1995
|
| Serier: | Larumbe, 8
|
| Fag: | |
| Tags: |
Tilføj Tag
Ingen Tags, Vær først til at tagge denne postø!
|
MARC
| LEADER | 00000nam a2200000 a 4500 | ||
|---|---|---|---|
| 001 | UCO8326 | ||
| 003 | CL-VaPUC | ||
| 008 | 001201e19950000SP |||||||||||||||||spa|d | ||
| 082 | 0 | 4 | |a 862 |b SAU |2 21 |
| 100 | 0 | |a Saura, Carlos |e author |9 453206 | |
| 245 | 1 | 0 | |a Esa luz: guión cinematográfico |
| 300 | |a 331 p | ||
| 942 | |c BK | ||
| 945 | |d 20001201 00:00:00 |a rbrito | ||
| 260 | |a Huesca |b Instituto de Estudios Altoaragones |c 1995 | ||
| 650 | 0 | |a Drama español |9 265098 | |
| 583 | |a last modification |c 20001201 00:00:00 |k Rodrigo Vera | ||
| 490 | 0 | |a Larumbe, 8 | |
| 999 | |c 293015 |d 293013 | ||
| 952 | |0 0 |1 0 |4 0 |6 862_000000000000000_SAU_1995 |7 0 |8 A |9 344114 |a FDOPOS |b FDOPOS |d 2019-11-20 |i 3646416 |o 862 SAU 1995 |p 3646416 |r 2025-01-22 |w 2019-11-20 |y BK |k MLH | ||